000 00547cam a2200205ua 4500
001 3763
005 20260515113727.0
008 111222n ii |||gr||||Z||||||eng
040 _cMAIN
082 _a330.954
100 _aDewett, K. K.,
_eAuthor.
245 1 1 _aIndian Economics :
_ba development oriented study /
_cby K. K. Dewett
250 _a33rd.
260 _aNew Delhi:
_bS. Chand & company ltd.,986.
300 _a955p:
_c23cm.
653 _aEconomics
653 _aIndian Economics
700 _aVarma, J. D.,
_eAuthor.
942 _cBK
999 _c3587
_d3587